Homofobia y convivencia en la escuela

Furkejuvvon:
Bibliográfalaš dieđut
Váldodahkki: Werner Cantor, Erik (autor)
Materiálatiipa: Girji
Giella:espánnjágiella
Fáttát:
Fáddágilkorat: Lasit fáddágilkoriid
Eai fáddágilkorat, Lasit vuosttaš fáddágilkora!

MARC

LEADER 00000nam^a2200000^u^4500
001 000510425
005 20250521000000.0
008 100108s1000^^^^^^^^^^^^r^^^^^000^0^spa^d
009 20260310130126.469
022 |a 9789588316543 
035 |a FCE 000054634 
037 |a Acervo ITESO - Biblioteca 
041 |a spa 
082 0 4 |a 306.7  |b WERh 
100 |a Werner Cantor, Erik  |e (autor) 
245 1 0 |a Homofobia y convivencia en la escuela 
264 |a Bogotá :  |b Universidad Pedagógica Nacional,  |c 2008. 
300 |a 145 p. 
336 |a texto  |b txt  |2 rdacontenido 
337 |a sin mediación  |b n  |2 rdamedio 
338 |a volumen  |b nc  |2 rdasoporte 
649 |a XX 
650 |a Sexualidad 
650 |a Derechos humanos 
650 |a Homosexualidad 
650 |a Encuesta 
650 |a Homofobia 
650 |a Lesbianismo 
650 |a Orientación sexual 
650 |a Colombia 
910 |a Fondo Centro de Estudios Educativos 
920 |a Impresos - Libros 
930 |a Fondos Especiales 
905 |a 133 
901 |a ALE067943  |b IT2  |c CEE  |u 20250521 
902 |a https://opac.biblio.iteso.mx/vufind/Record/000510425